Advances in degradations monitoring and predictive maintenance (Record no. 144560)
[ view plain ]
| 000 -LEADER | |
|---|---|
| fixed length control field | 01126nam a2200277Ia 4500 |
| 245 00 - TITLE STATEMENT | |
| Title | Advances in degradations monitoring and predictive maintenance |
| 260 ## - PUBLICATION, DISTRIBUTION, ETC. (IMPRINT) | |
| Place of publication | Bradford : |
| Name of publisher | Emerald Group Press, |
| Year of publication | c2007. |
| 300 ## - PHYSICAL DESCRIPTION | |
| Number of Pages | 108 p. |
| 490 0# - SERIES STATEMENT | |
| Series statement | Journal of Quality in Maintenance Engineering ; |
| 650 #0 - SUBJECT ADDED ENTRY--TOPICAL TERM | |
| Topical Term | Plant maintenance |
| Topical Term | Total quality management. |
| 700 1# - ADDED ENTRY--PERSONAL NAME | |
| Personal name | Adjallah, Kondo H. |
| 856 40 - ELECTRONIC LOCATION AND ACCESS | |
| Uniform Resource Identifier | http://site.ebrary.com/lib/rucke/Doc?id=10185524 |
No items available.
